| 000 | 00571nam a2200193 a 4500 | ||
|---|---|---|---|
| 001 | 000045618 | ||
| 003 | DO-SdBNP | ||
| 005 | 20260211101520.0 | ||
| 008 | 150417s2012 000 spa d | ||
| 040 |
_aDO-SdBNP _bspa _cBNPHU |
||
| 082 |
_a342.0269 _bR426m |
||
| 245 | 0 |
_aMemoria institucional :. : _bprimer año de gestión. |
|
| 260 |
_aSanto Domingo, : _bTribunal Constitucional, _c2012. |
||
| 300 |
_a129 p. : _bil. : ; _c27 cm. |
||
| 650 | 4 | 0 |
_aDerecho constitucional _910314 |
| 650 | 4 | 0 |
_aTribunales constitucionales _978719 |
| 910 | _aD/G | ||
| 942 |
_2ddc _cLBS1 |
||
| 999 |
_c45107 _d45107 |
||